Ultimate Australian Quiz (2025) - Statistics

General Stats
  • This quiz has been taken 29 times
  • The average score is 29 of 40
Answer Stats
Answer % Correct
Aboriginals
91%
Kangaroo
91%
Koala
91%
Melbourne
87%
New South Wales
87%
Perth
87%
Queensland
87%
Sydney
87%
Tasmania
87%
Uluru
87%
Western Australia
87%
Brisbane
83%
Dingo
83%
Green
83%
Platypus
83%
Adelaide
78%
Canberra
78%
Gold
78%
Great Barrier Reef
78%
Hobart
78%
South Australia
78%
Emu
74%
Northern Territory
74%
Sydney Harbour Bridge
74%
Victoria
74%
Wombat
74%
Darwin
70%
Sydney Opera House
70%
Australian Capital Territory
65%
Echidna
65%
Saltwater crocodile
61%
Opal
57%
Quokka
57%
ANZACS
52%
Anthony Albanese
48%
Cassowary
48%
Tasmanian devil
48%
Scott Morrison
43%
Golden Wattle
39%
Torres Strait Islanders
30%
No matching quizzes found
Score Distribution
Percent of People with Each Score
Percentile by Number Answered
Your Score History
You have not taken this quiz